书目信息 |
| 题名: |
中外情报信息源大全
|
|
| 作者: | ;弘恢国际咨讯服务网络 编 ;本书编委会 编 | |
| 分册: | ||
| 出版信息: | 北京 中国建材工业出版社 1994.9 |
|
| 页数: | 289页 | |
| 开本: | 26cm | |
| 丛书名: | 弘恢国际咨讯丛书 | |
| 单 册: | ||
| 中图分类: | G359.1-61 , G352.1 | |
| 科图分类: | ||
| 主题词: | 情报中心--世界--名录 | |
| 电子资源: | ||
| ISBN: | 7-80090-151-3 | |
| 000 | 01217nam2 2200301 45 | |
| 001 | 0194041956 | |
| 005 | 20061028163433.98 | |
| 010 | @a7-80090-151-3@b精装@dCNY40.00 | |
| 100 | @a19940810d1994 em y0chiy0121 ea | |
| 101 | 0 | @achi |
| 102 | @aCN@b110000 | |
| 105 | @ay zg 000yy | |
| 200 | 10 | @a中外情报信息源大全@AZHONG WAI QING BAO XIN XI YUAN DA QUAN@f弘恢国际咨讯服务网络,《中外情报信息源大全》编委会编@FHONG HUI GUO JI ZI XUN FU WU WANG LUO ,《 ZHONG WAI QING BAO XIN XI YUAN DA QUAN 》 BIAN WEI HUI BIAN |
| 210 | @a北京@c中国建材工业出版社@d1994.9 | |
| 215 | @a289页@d26cm | |
| 225 | 2 | @a弘恢国际咨讯丛书 |
| 300 | @a并列题名:A handbook of information resources | |
| 330 | @a本书收集了国内各类数据库、信息网、情报资料中心等1000余家,分科技情报信息源,经济情报信息源等4大类。 | |
| 410 | 0 | @120010@a弘恢国际咨讯丛书 |
| 510 | 1 | @aA handbook of information resources@zeng |
| 540 | 1 | @a情报 信息源@AQING BAO XIN XI YUAN |
| 606 | @a情报中心@y世界@x名录 | |
| 690 | @aG359.1-61@v三版 | |
| 690 | @aG352.1@v3 | |
| 711 | 02 | @a弘恢国际咨讯服务网络@AHONG HUI GUO JI ZI XUN FU WU WANG LUO@4编 |
| 712 | A2 | @a本书编委会@ABEN SHU BIAN WEI HUI@4编 |
| 801 | 0 | @aCN@bTSSF@c20061028 |
| 905 | @a10447@dG352.1@e85 | |
| 中外情报信息源大全/弘恢国际咨讯服务网络,《中外情报信息源大全》编委会编.-北京:中国建材工业出版社,1994.9 |
| 289页;26cm.-(弘恢国际咨讯丛书) |
| 并列题名:A handbook of information resources |
| ISBN 7-80090-151-3(精装):CNY40.00 |
| 本书收集了国内各类数据库、信息网、情报资料中心等1000余家,分科技情报信息源,经济情报信息源等4大类。 |
| ● |
| 相关链接 |
|
|
|
|
正题名:中外情报信息源大全
索取号:G352.1/85
 
预约/预借
| 序号 | 登录号 | 条形码 | 馆藏地/架位号 | 状态 | 备注 |
| 1 | 0262999 | 000309945 | 第一样本阅览室/ [索取号:G352.1/85] | 在馆 |